Anna Karenina / (Record no. 15525)
[ view plain ]
| 000 -LEADER | |
|---|---|
| fixed length control field | 00958nam a22002297a 4500 |
| 008 - FIXED-LENGTH DATA ELEMENTS--GENERAL INFORMATION | |
| fixed length control field | 110605s2008 enk|||||r|||| 000 j eng d |
| 020 ## - INTERNATIONAL STANDARD BOOK NUMBER | |
| International Standard Book Number | 1405865296 |
| 020 ## - INTERNATIONAL STANDARD BOOK NUMBER | |
| International Standard Book Number | 9781405865296 |
| 082 ## - DEWEY DECIMAL CLASSIFICATION NUMBER | |
| Edition number | 22 |
| Classification number | 428.6 |
| Item number | TOL |
| 100 ## - MAIN ENTRY--PERSONAL NAME | |
| 9 (RLIN) | 10543 |
| Personal name | Tolstoy, Leo, |
| Titles and other words associated with a name | graf, |
| Dates associated with a name | 1828-1910. |
| 245 ## - TITLE STATEMENT | |
| Title | Anna Karenina / |
| Statement of responsibility, etc | Leo Tolstoy; Translated by Rosemary Edmonds; Retold by Anna Collins |
| 260 ## - PUBLICATION, DISTRIBUTION, ETC. (IMPRINT) | |
| Place of publication, distribution, etc | Harlow : |
| Name of publisher, distributor, etc | Pearson Education, 2008. |
| Date of publication, distribution, etc | 2008 |
| 300 ## - PHYSICAL DESCRIPTION | |
| Extent | 107 p. ; |
| Dimensions | 20 cm. |
| 490 ## - Series Statement | |
| -- | 5756 |
| Series statement | Penguin readers ; |
| -- | Level 6 |
| 521 ## - TARGET AUDIENCE NOTE | |
| Target audience note | C1: Advanced |
| 651 ## - SUBJECT ADDED ENTRY--GEOGRAPHIC NAME | |
| 9 (RLIN) | 24606 |
| Geographic name | Russia |
| Form subdivision | Fiction. |
| General subdivision | Social conditions |
| Chronological subdivision | 1801-1917 |
| 653 ## - INDEX TERM--UNCONTROLLED | |
| Resource For college | |
| Arrived date list | June2011 |
| 700 ## - ADDED ENTRY--PERSONAL NAME | |
| 9 (RLIN) | 24605 |
| Personal name | Edmonds, Rosemary |
| Relator term | trl |
| 700 ## - ADDED ENTRY--PERSONAL NAME | |
| 9 (RLIN) | 12524 |
| Personal name | Abrams, Anne Collins. |
| Relator term | nrt |
| 942 ## - ADDED ENTRY ELEMENTS (KOHA) | |
| Source of classification or shelving scheme | Dewey Decimal Classification |
| Item type | Book - Borrowing |
| Withdrawn status | Item status | Source of classification or shelving scheme | Damaged status | Not for loan | Vendor | Home library | Current library | Shelving location | Date acquired | Source of acquisition | Cost, normal purchase price | Serial Enumeration / chronology | Total Checkouts | Full call number | Barcode | Checked out | Date last seen | Date last borrowed | Koha item type |
|---|---|---|---|---|---|---|---|---|---|---|---|---|---|---|---|---|---|---|---|
| Dewey Decimal Classification | Baccah | Central Library | Central Library | Second Floor | 05/06/2011 | 40.00 | 12341 | 1 | 428.6 TOL | 000024030 | 19/03/2012 | 27/02/2012 | 27/02/2012 | Book - Borrowing |